| 000 | 01301nam0a22003371 4500 | ||
|---|---|---|---|
| 001 | rc\2666785 | ||
| 005 | 20260405054457.0 | ||
| 010 |
_d1 р. _93000 |
||
| 021 |
_aRU _b23727/32 г. |
||
| 035 | _a(NLR Aleph) 007202109 | ||
| 090 |
_a7637962 _c7637962 |
||
| 100 | _a20110619d1932 |||y0rusy50 ca | ||
| 101 | 0 | _arus | |
| 102 | _aRU | ||
| 105 | _ac z ||||b | ||
| 200 | 1 |
_aГустав Малер _e[очерк жизни и деятельности] _fИ. Соллертинский |
|
| 210 |
_aЛенинград _cМузгиз _d1932 _gтипография "Печатный труд" |
||
| 215 |
_a75 с. _cпортр. _d17×13 |
||
| 225 | 1 |
_aПроблемы музыкознания _eисторическая библиотека |
|
| 320 | _a"Библиография" (с. 68-70) | ||
| 540 | 1 | _aМалер Густав | |
| 600 | 0 | 1 |
_aМалер _bГ. _f1860 - 1911 _gГустав _91595537 _3RU\NLR\AUTH\66701718 |
| 686 | 0 |
_aЩ313(4А)53-81 _2rubbk |
|
| 700 | 1 |
_aСоллертинский _bИ. И. _f1902-1944 _gИван Иванович |
|
| 702 | 1 |
_4570 _8rus _7ca _aМалер _bГ. _f1860-1911 _gГустав _3RU\NLR\AUTH\7718194 _91276 |
|
| 801 | 0 |
_aRU _bNLR _gpsbo |
|
| 801 | 1 |
_aRU _bELAR _2rusmarc |
|
| 801 | 2 |
_aRU _bNLR _c20170119 _2rusmarc |
|
| 852 |
_aNLR _j32-8/11577 |
||
| 942 | _cBOOK | ||
| 980 | _aNB | ||